ITFC League appearances 1974-5 - Statistics

General Stats
  • This quiz has been taken 47 times
  • The average score is 7 of 22
Answer Stats
Hint Answer % Correct
42 Mick Mills
89%
40 W Trevor Whymark
84%
37 V Colin Viljoen
82%
37 B Kevin Beattie
80%
40 T Brian Talbot
66%
36 Allan Hunter
61%
40 S Laurie Sivell
48%
35 David Johnson
36%
20 (15) Clive Woods
32%
32 (2) Bryan Hamilton
30%
31 (5) Mick Lambert
27%
2 C Paul Cooper
25%
31 George Burley
23%
10 (2) Roger Osborne
14%
3 John Wark
11%
10 Colin Harper
9%
2 A Terry Austin
9%
1 T Bruce Twamley
2%
5 Ian Collard
2%
1 R Dale Roberts
0%
(6) Eric Gates
0%
6 John Peddelty
0%
No matching quizzes found
Score Distribution
Percent of People with Each Score
Percentile by Number Answered
Your Score History
You have not taken this quiz